[Event "NAYCC U18"]
[Site "Kingston CAN"]
[Date "2019.08.16"]
[Round "2.186"]
[White "Rama, Tejas"]
[Black "Shen, Christopher"]
[Result "1/2-1/2"]
[WhiteElo "2022"]
[BlackElo "2325"]
[PlyCount "100"]
[EventDate "2019.08.16"]
[EventType "swiss"]
[EventRounds "9"]
[EventCountry "CAN"]

1. Nf3 Nf6 2. c4 g6 3. Nc3 Bg7 4. e4 d6 5. d4 O-O 6. Be2 Nbd7 7. O-O e5 8. Re1
exd4 9. Nxd4 Re8 10. f3 a5 11. Bg5 h6 12. Bh4 g5 13. Bf2 Ne5 14. Qd2 Ng6 15.
Bf1 Ne5 16. Rad1 Nh5 17. Ndb5 Nf4 18. c5 Bf8 19. cxd6 cxd6 20. Be3 Neg6 21.
Nxd6 Bxd6 22. Qxd6 Qxd6 23. Rxd6 Be6 24. Bb5 Red8 25. Red1 Rxd6 26. Rxd6 Rc8
27. g3 Nh5 28. Bd4 Ng7 29. Kf2 Kf8 30. Bb6 Ne8 31. Rd4 Nc7 32. Bxc7 Rxc7 33.
Rd8+ Kg7 34. Ra8 Rc5 35. Rxa5 Bd7 36. b4 Rxc3 37. Bxd7 Rc2+ 38. Ke3 b6 39. Rb5
Rxa2 40. Bf5 Ne7 41. Rxb6 Rxh2 42. b5 h5 43. Ra6 Nxf5+ 44. exf5 Rb2 45. b6 h4
46. gxh4 gxh4 47. Kf4 h3 48. Kg3 h2 49. Ra1 Rxb6 50. Kxh2 Rb5 1/2-1/2

[Event "NAYCC U18"]
[Site "Kingston CAN"]
[Date "2019.08.16"]
[Round "2.188"]
[White "Li, Max"]
[Black "Wang, Wesley"]
[Result "1/2-1/2"]
[WhiteElo "2113"]
[BlackElo "2269"]
[PlyCount "56"]
[EventDate "2019.08.16"]
[EventType "swiss"]
[EventRounds "9"]
[EventCountry "CAN"]

1. e4 c6 2. d4 d5 3. Nc3 dxe4 4. Nxe4 Nf6 5. Nxf6+ exf6 6. Bc4 Bd6 7. Be3 O-O
8. Qf3 Nd7 9. Bb3 a5 10. a4 Re8 11. Ne2 Nf8 12. Ng3 Bxg3 13. hxg3 Qxd4 14. Qh5
g6 15. Qh4 Re4 16. Qh6 Qb4+ 17. Kf1 Be6 18. Bd2 Qe7 19. f3 Bc4+ 20. Bxc4 Rxc4
21. Bc3 b5 22. Rh4 Rxh4 23. Qxh4 Nd7 24. axb5 cxb5 25. Rxa5 Rxa5 26. Bxa5 Ne5
27. b3 Qd6 28. Qe4 h5 1/2-1/2

[Event "NAYCC U18"]
[Site "Kingston CAN"]
[Date "2019.08.16"]
[Round "2.189"]
[White "Merrigan, Daley"]
[Black "Zhang, Henry"]
[Result "1/2-1/2"]
[WhiteElo "1917"]
[BlackElo "2151"]
[PlyCount "88"]
[EventDate "2019.08.16"]
[EventType "swiss"]
[EventRounds "9"]
[EventCountry "CAN"]

1. d4 Nf6 2. c4 g6 3. Nc3 d5 4. cxd5 Nxd5 5. e4 Nxc3 6. bxc3 Bg7 7. Be3 c5 8.
Qd2 Qa5 9. Nf3 cxd4 10. Bxd4 O-O 11. Rb1 Rd8 12. Rb5 Qc7 13. Rd5 Nc6 14. Bxg7
Kxg7 15. Rxd8 Nxd8 16. h4 h5 17. Be2 Be6 18. O-O Rc8 19. Rd1 Qa5 20. Qd4+ Kg8
21. Ng5 Qxa2 22. Rd2 Qa1+ 23. Rd1 Qb2 24. Rd2 Qb3 25. f4 f6 26. Nf3 Nc6 27. Qe3
Kg7 28. f5 gxf5 29. exf5 Bxf5 30. Nd4 Nxd4 31. Qxe7+ Qf7 32. Qxf7+ Kxf7 33.
Bxh5+ Bg6 34. Bxg6+ Kxg6 35. cxd4 Kh5 36. g3 a5 37. Rb2 Rc3 38. Kf2 Kg4 39.
Rxb7 Rf3+ 40. Ke2 Kxg3 41. Ra7 Rf5 42. Ke3 Kxh4 43. Ke4 Rb5 44. d5 Kg5 1/2-1/2

[Event "NAYCC U18"]
[Site "Kingston CAN"]
[Date "2019.08.16"]
[Round "2.190"]
[White "Wang, Jake"]
[Black "Wang, George"]
[Result "1-0"]
[WhiteElo "2116"]
[BlackElo "1887"]
[PlyCount "33"]
[EventDate "2019.08.16"]
[EventType "swiss"]
[EventRounds "9"]
[EventCountry "CAN"]

1. b3 b6 2. Bb2 Bb7 3. Nf3 d6 4. g3 e5 5. d3 Nd7 6. Nbd2 f5 7. Bg2 Ngf6 8. O-O
g6 9. Nxe5 Bxg2 10. Nxd7 Qxd7 11. Kxg2 Bg7 12. Re1 O-O-O 13. a4 f4 14. a5 g5
15. e4 fxe3 16. Qf3 exd2 17. Qa8# 1-0

[Event "NAYCC U18"]
[Site "Kingston CAN"]
[Date "2019.08.16"]
[Round "2.191"]
[White "De Costa, Alex"]
[Black "Xu, Jeffrey"]
[Result "0-1"]
[WhiteElo "1797"]
[BlackElo "2067"]
[PlyCount "70"]
[EventDate "2019.08.16"]
[EventType "swiss"]
[EventRounds "9"]
[EventCountry "CAN"]

1. e4 e6 2. d3 d5 3. Nd2 Bd6 4. Ngf3 c5 5. g3 Ne7 6. Bg2 Nbc6 7. O-O O-O 8. Nh4
Bc7 9. f4 f5 10. e5 Rb8 11. c3 b5 12. a3 a5 13. g4 fxg4 14. Qxg4 Nf5 15. Nxf5
Rxf5 16. Nf3 Ne7 17. Kh1 Rf8 18. Nh4 Nf5 19. Nxf5 Rxf5 20. Be3 d4 21. cxd4 cxd4
22. Bf2 Qd7 23. Be4 Bb7 24. Bh4 Bd8 25. Bxd8 Rxd8 26. Qg2 Bxe4 27. dxe4 Rf7 28.
Qf3 d3 29. Rad1 Qd4 30. Rd2 Qc4 31. Rfd1 Rdf8 32. Qxd3 Qc6 33. Qc2 Qb7 34. Rd6
Rxf4 35. Rxe6 Qf7 0-1

[Event "NAYCC U18"]
[Site "Kingston CAN"]
[Date "2019.08.16"]
[Round "2.192"]
[White "Quiroga, Angel"]
[Black "Ju, Terrence"]
[Result "1-0"]
[WhiteElo "2053"]
[BlackElo "1719"]
[PlyCount "67"]
[EventDate "2019.08.16"]
[EventType "swiss"]
[EventRounds "9"]
[EventCountry "CAN"]

1. Nf3 d5 2. b3 c5 3. e3 Nc6 4. Bb2 Bg4 5. Be2 Nf6 6. O-O e6 7. h3 Bxf3 8. Bxf3
Bd6 9. d3 O-O 10. Nd2 Qd7 11. Rc1 Rab8 12. Qe2 Rfc8 13. c4 Be5 14. Ba3 Nb4 15.
d4 Bd6 16. dxc5 Bxc5 17. cxd5 exd5 18. Rxc5 Rxc5 19. Bxb4 Rc2 20. Qd3 Rxa2 21.
Bc3 Ra6 22. Qd4 Rd8 23. Be2 Ra2 24. Bd3 Ne8 25. Nf3 f6 26. Rd1 Nc7 27. Qh4 h6
28. Nd4 Qf7 29. Qg3 Ne6 30. Nxe6 Qxe6 31. Qg6 Qd6 32. Qh7+ Kf8 33. Bg6 Rd7 34.
Qh8+ 1-0

[Event "NAYCC U18"]
[Site "Kingston CAN"]
[Date "2019.08.16"]
[Round "2.193"]
[White "Gonzalez, Pedro"]
[Black "Wu, Derek"]
[Result "1-0"]
[WhiteElo "1632"]
[BlackElo "2032"]
[PlyCount "47"]
[EventDate "2019.08.16"]
[EventType "swiss"]
[EventRounds "9"]
[EventCountry "CAN"]

1. Nf3 d5 2. g3 Nf6 3. Bg2 e6 4. d3 Be7 5. Nbd2 c5 6. e4 Nc6 7. O-O O-O 8. e5
Nd7 9. Re1 b5 10. Nf1 Bb7 11. h4 Qc7 12. Bf4 Rfc8 13. N1h2 Bf8 14. Bh3 a5 15.
Ng5 h6 16. Nxf7 Kxf7 17. Qh5+ g6 18. Bxe6+ Kxe6 19. Qxg6+ Ke7 20. e6 Nde5 21.
Rxe5 Nd8 22. Rf5 Qxf4 23. Qf6+ Kd6 24. Qxf8+ 1-0

[Event "NAYCC U18"]
[Site "Kingston CAN"]
[Date "2019.08.16"]
[Round "2.194"]
[White "Zhou, Joey"]
[Black "Huang, Qiuyu"]
[Result "0-1"]
[WhiteElo "1586"]
[BlackElo "2020"]
[PlyCount "72"]
[EventDate "2019.08.16"]
[EventType "swiss"]
[EventRounds "9"]
[EventCountry "CAN"]

1. d4 f5 2. c4 Nf6 3. Nc3 g6 4. h4 d6 5. h5 Bg7 6. h6 Bf8 7. Bf4 e6 8. f3 Be7
9. e4 Nh5 10. Rxh5 gxh5 11. exf5 O-O 12. Qd2 Rxf5 13. Bd3 Rf7 14. Nh3 Nc6 15.
O-O-O Nxd4 16. Ne4 e5 17. Bg5 Bxh3 18. gxh3 Nxf3 19. Bxe7 Qxe7 20. Qg2+ Kh8 21.
Rf1 Nh4 22. Rxf7 Qxf7 23. Qg3 Qf4+ 24. Qxf4 exf4 25. Nf6 f3 26. Nxh7 f2 27. Ng5
Rf8 28. Bf1 Nf3 29. Nxf3 Rxf3 30. Kd2 Kh7 31. Ke2 Rf6 32. Bg2 Kxh6 33. Kf1 Kg5
34. Bxb7 Kh4 35. Bc8 Kg3 36. b3 Rf3 0-1

[Event "NAYCC U18"]
[Site "Kingston CAN"]
[Date "2019.08.16"]
[Round "2.195"]
[White "Beardall, Ben"]
[Black "Leong, Ryan"]
[Result "0-1"]
[WhiteElo "918"]
[BlackElo "1926"]
[PlyCount "82"]
[EventDate "2019.08.16"]
[EventType "swiss"]
[EventRounds "9"]
[EventCountry "CAN"]

1. e4 c5 2. Nf3 d6 3. d4 cxd4 4. Nxd4 Nf6 5. Nc3 a6 6. Be2 e5 7. Nb3 Be7 8. Be3
Be6 9. O-O Nbd7 10. f3 b5 11. Qd2 b4 12. Nd5 Bxd5 13. exd5 a5 14. a3 a4 15. Nc1
bxa3 16. Rxa3 O-O 17. Bb5 Nb6 18. c4 Qb8 19. Qe2 Ra5 20. b4 Rxb5 21. cxb5 Nbxd5
22. Bd2 Qb6+ 23. Kh1 Nc7 24. Rxa4 Nxb5 25. Be3 Qb7 26. Na2 Nd5 27. Rc1 Nxe3 28.
Qxe3 Nd4 29. f4 Nf5 30. Qf2 Bh4 31. Qc2 Ne3 32. Qc6 Qxc6 33. Rxc6 e4 34. Rxd6
Nf5 35. Rda6 e3 36. Ra8 e2 37. Rxf8+ Kxf8 38. Ra8+ Ke7 39. Ra7+ Ke8 40. Ra8+
Bd8 41. h3 e1=Q+ 0-1

[Event "NAYCC U18"]
[Site "Kingston CAN"]
[Date "2019.08.17"]
[Round "3.178"]
[White "Costello, Alexander"]
[Black "Yip, Carissa"]
[Result "0-1"]
[WhiteElo "2256"]
[BlackElo "2300"]
[PlyCount "70"]
[EventDate "2019.08.16"]
[EventType "swiss"]
[EventRounds "9"]
[EventCountry "CAN"]

1. e4 c5 2. Nf3 d6 3. d4 cxd4 4. Nxd4 Nf6 5. Nc3 Nc6 6. f3 e5 7. Nb3 Be7 8. Be3
Be6 9. Qd2 O-O 10. O-O-O a5 11. Bb5 Na7 12. Qf2 Nxb5 13. Nxb5 Qd7 14. a4 Qc6
15. Kb1 Bc4 16. Nc3 b5 17. axb5 Bxb5 18. Nxb5 Qxb5 19. Bg5 Rfb8 20. Bxf6 Bxf6
21. Rd3 a4 22. c4 Qxc4 23. Rc3 Qb4 24. Qd2 Qb7 25. Nc1 d5 26. Qc2 a3 27. Rb3
Qe7 28. Rxb8+ Rxb8 29. b3 Qb7 30. Ka2 Rc8 31. Qe2 Bg5 32. Nd3 Rc3 33. Rb1 Qb5
34. f4 Be7 35. Rc1 Qxd3 0-1

[Event "NAYCC U18"]
[Site "Kingston CAN"]
[Date "2019.08.17"]
[Round "3.179"]
[White "Doknjas, Joshua"]
[Black "Chen, Richard"]
[Result "1-0"]
[WhiteElo "2236"]
[BlackElo "2291"]
[PlyCount "108"]
[EventDate "2019.08.16"]
[EventType "swiss"]
[EventRounds "9"]
[EventCountry "CAN"]

1. e4 c5 2. Nf3 e6 3. d4 cxd4 4. Nxd4 Nc6 5. Nc3 Qc7 6. Be3 a6 7. Qf3 Bd6 8.
O-O-O Be5 9. Nxc6 bxc6 10. Bd4 Bxd4 11. Rxd4 Nf6 12. Qe3 e5 13. Rd2 d6 14. Be2
Be6 15. f4 exf4 16. Qxf4 O-O 17. Qxd6 Qb6 18. Qd4 Qa5 19. a3 Rab8 20. Rhd1 c5
21. Qe5 Rfe8 22. Qd6 c4 23. h3 h6 24. g4 Rb7 25. e5 Nd7 26. Bf3 Rb6 27. Rd5
Rxd6 28. Rxa5 Rb6 29. Rd6 Reb8 30. Rxb6 Rxb6 31. Be4 g5 32. Nd5 Rb5 33. Rxb5
axb5 34. Ne7+ Kf8 35. Nc6 Nc5 36. Bg2 Ke8 37. Kd2 Na4 38. Nd4 Bd7 39. b3 cxb3
40. cxb3 Nc5 41. b4 Na4 42. Bf1 Nb6 43. Nxb5 Ke7 44. Nd4 Ba4 45. b5 Nd7 46. Be2
Nxe5 47. Kc3 Kd6 48. Kb4 Kd5 49. Nf3 Bc2 50. Nxe5 Kxe5 51. Bf3 Kd6 52. a4 f5
53. a5 fxg4 54. hxg4 h5 1-0

[Event "NAYCC U18"]
[Site "Kingston CAN"]
[Date "2019.08.17"]
[Round "3.180"]
[White "Ouellet, Maili-Jade"]
[Black "Huang, Andy"]
[Result "1-0"]
[WhiteElo "2211"]
[BlackElo "2263"]
[PlyCount "95"]
[EventDate "2019.08.16"]
[EventType "swiss"]
[EventRounds "9"]
[EventCountry "CAN"]

1. d4 d5 2. c4 c6 3. Nf3 Nf6 4. Qc2 g6 5. Nc3 Bg7 6. e3 O-O 7. Bd3 Be6 8. cxd5
cxd5 9. O-O Nc6 10. a3 Rc8 11. Bd2 Na5 12. Ne5 Ne4 13. Rad1 Bxe5 14. dxe5 Nc5
15. Nb5 d4 16. Nxd4 Nxd3 17. Qxd3 Bc4 18. Qe4 Bxf1 19. Rxf1 Nc6 20. Bc3 Qc7 21.
Nf3 Nd8 22. h4 Ne6 23. Nd4 b6 24. f4 Nc5 25. Qf3 Na4 26. Ne2 Qc6 27. Qg3 Nxc3
28. Nxc3 Kh8 29. Kh2 f6 30. exf6 Qxf6 31. Rf2 Qe6 32. e4 Rf7 33. Qe3 Rd8 34.
Nd5 Kg8 35. Qd4 Rff8 36. Rf3 Qf7 37. Qf2 e6 38. Ne3 Qd7 39. Qg3 Qd4 40. e5 Rf7
41. Ng4 Kh8 42. b4 Rf5 43. Nh6 Rff8 44. h5 gxh5 45. Qg5 h4 46. Qxh4 Rd7 47. Rg3
Qe4 48. Qf6+ 1-0

[Event "NAYCC U18"]
[Site "Kingston CAN"]
[Date "2019.08.17"]
[Round "3.181"]
[White "Ravuri, Vinesh"]
[Black "Wu, Rochelle"]
[Result "0-1"]
[WhiteElo "2192"]
[BlackElo "2161"]
[PlyCount "74"]
[EventDate "2019.08.16"]
[EventType "swiss"]
[EventRounds "9"]
[EventCountry "CAN"]

1. d4 d5 2. c4 c6 3. Nf3 Nf6 4. e3 Bf5 5. Nc3 e6 6. Nh4 Be4 7. f3 Bg6 8. Qb3
Qc7 9. Bd2 Be7 10. g3 O-O 11. Nxg6 hxg6 12. O-O-O dxc4 13. Bxc4 b5 14. Be2 Nbd7
15. Kb1 a6 16. Qc2 c5 17. dxc5 Qxc5 18. e4 Nb6 19. Rc1 Rac8 20. Qb3 Qf2 21.
Rcf1 Qg2 22. Be3 Na4 23. Bd3 Nxc3+ 24. bxc3 Rfd8 25. Bc2 Rc4 26. Qb2 b4 27. Bd4
Rdc8 28. Rhg1 Qxh2 29. Be5 bxc3 30. Qc1 Rb4+ 31. Ka1 Rb2 32. Bb3 Ba3 33. Rh1
Qe2 34. Re1 Qd3 35. Qg5 Qd2 36. Bxc3 Rxc3 37. Qa5 Rcxb3 0-1

[Event "NAYCC U18"]
[Site "Kingston CAN"]
[Date "2019.08.17"]
[Round "3.183"]
[White "Shen, Christopher"]
[Black "Xu, Jeffrey"]
[Result "1-0"]
[WhiteElo "2325"]
[BlackElo "2067"]
[PlyCount "97"]
[EventDate "2019.08.16"]
[EventType "swiss"]
[EventRounds "9"]
[EventCountry "CAN"]

1. d4 Nf6 2. Nf3 d5 3. c4 c6 4. Nbd2 Bf5 5. Nh4 Bg6 6. Qb3 Qc8 7. g3 e6 8. Nxg6
hxg6 9. Bg2 Nbd7 10. O-O Bd6 11. Qc2 Qc7 12. e4 dxe4 13. Nxe4 Nxe4 14. Qxe4 Nf6
15. Qe2 O-O 16. b3 Qa5 17. Bd2 Bb4 18. Bf4 Rad8 19. Rad1 Bd6 20. Be3 Rd7 21. h3
Rfd8 22. Rd3 Bf8 23. Rfd1 Qb4 24. Bd2 Qb6 25. Bc3 Bb4 26. Ba1 Qa5 27. h4 Qh5
28. Bf3 Qf5 29. Re3 Bd6 30. Bc3 Bb8 31. Re1 a6 32. Kg2 g5 33. hxg5 Qxg5 34. d5
cxd5 35. Bxf6 gxf6 36. cxd5 e5 37. Rh1 Qg7 38. Rh5 Kf8 39. Be4 Ke7 40. Rh7 Qg5
41. Rf3 Rg8 42. Rf5 Qg4 43. Qe1 Rgd8 44. Rfh5 Rd6 45. f3 Qg8 46. Qh1 f5 47.
Rxf5 Rf8 48. Qh4+ Kd7 49. Rg5 1-0

[Event "NAYCC U18"]
[Site "Kingston CAN"]
[Date "2019.08.17"]
[Round "3.184"]
[White "Hua, Eugene"]
[Black "Rama, Tejas"]
[Result "1-0"]
[WhiteElo "2301"]
[BlackElo "2022"]
[PlyCount "65"]
[EventDate "2019.08.16"]
[EventType "swiss"]
[EventRounds "9"]
[EventCountry "CAN"]

1. d4 Nf6 2. Nf3 d5 3. e3 e6 4. Bd3 c5 5. b3 Nc6 6. O-O Bd6 7. Bb2 O-O 8. Nbd2
b6 9. a3 Bb7 10. Ne5 Ne7 11. Qf3 Qc7 12. Qh3 Ng6 13. f4 cxd4 14. exd4 Ne4 15.
Qe3 Nxd2 16. Qxd2 Bxe5 17. fxe5 a5 18. Qe2 Qc8 19. a4 Ba6 20. c4 Rd8 21. Rac1
dxc4 22. bxc4 Qd7 23. Rf2 Qxa4 24. d5 exd5 25. e6 Bxc4 26. Bxc4 dxc4 27. Rxf7
c3 28. Bxc3 Rd4 29. Ra1 Qc4 30. Rxg7+ Kh8 31. Rxg6 Qc5 32. Qf2 hxg6 33. Bxd4+
1-0

[Event "NAYCC U18"]
[Site "Kingston CAN"]
[Date "2019.08.17"]
[Round "3.185"]
[White "Wang, Wesley"]
[Black "Quiroga, Angel"]
[Result "1-0"]
[WhiteElo "2269"]
[BlackElo "2053"]
[PlyCount "75"]
[EventDate "2019.08.16"]
[EventType "swiss"]
[EventRounds "9"]
[EventCountry "CAN"]

1. e4 e5 2. Nf3 Nc6 3. Bb5 a6 4. Ba4 Nf6 5. O-O Be7 6. d3 b5 7. Bb3 d6 8. a4 b4
9. a5 O-O 10. Nbd2 Rb8 11. c3 bxc3 12. bxc3 Bb7 13. Re1 h6 14. Nc4 Kh7 15. Ne3
g6 16. Qd2 Ng8 17. Bd5 Bf6 18. Qa2 Qe8 19. Bd2 Nd8 20. Rab1 c6 21. Bb3 Bg7 22.
Nc4 Qe7 23. d4 c5 24. dxc5 dxc5 25. Nb6 f5 26. exf5 gxf5 27. Bd5 e4 28. Bf4
Bxd5 29. Nxd5 Qf7 30. Rxb8 exf3 31. gxf3 Re8 32. Rxe8 Qxe8 33. Qd2 Qg6+ 34. Kh1
Ne6 35. Rxg8 Qh5 36. Rxg7+ Kxg7 37. Qe3 Kf7 38. Bg3 1-0

[Event "NAYCC U18"]
[Site "Kingston CAN"]
[Date "2019.08.17"]
[Round "3.186"]
[White "Chasin, Nico"]
[Black "Rama, Vikas"]
[Result "1-0"]
[WhiteElo "2178"]
[BlackElo "1534"]
[PlyCount "69"]
[EventDate "2019.08.16"]
[EventType "swiss"]
[EventRounds "9"]
[EventCountry "CAN"]

1. d4 d5 2. c4 e6 3. Nf3 Nf6 4. Nc3 Be7 5. Bg5 O-O 6. e3 Nbd7 7. cxd5 exd5 8.
Bd3 h6 9. Bf4 c6 10. h3 Re8 11. O-O Nf8 12. Qc2 Bd6 13. Bxd6 Qxd6 14. Rab1 a5
15. a3 Ne6 16. b4 Ng5 17. Ne5 Nd7 18. f4 Ne6 19. Na4 axb4 20. axb4 Nxe5 21.
fxe5 Qc7 22. b5 Bd7 23. bxc6 bxc6 24. Nb6 Rab8 25. Bh7+ Kf8 26. Bg6 Rxb6 27.
Rxb6 Qxb6 28. Rxf7+ Kg8 29. Rxd7 Rf8 30. Kh2 Kh8 31. Qe2 Nxd4 32. exd4 Qxd4 33.
e6 Qf4+ 34. g3 Qd4 35. Kg2 1-0

[Event "NAYCC U18"]
[Site "Kingston CAN"]
[Date "2019.08.17"]
[Round "3.187"]
[White "Huang, Qiuyu"]
[Black "Li, William"]
[Result "1/2-1/2"]
[WhiteElo "2020"]
[BlackElo "2135"]
[PlyCount "60"]
[EventDate "2019.08.16"]
[EventType "swiss"]
[EventRounds "9"]
[EventCountry "CAN"]

1. e4 c5 2. Nf3 d6 3. d4 cxd4 4. Nxd4 Nf6 5. Nc3 a6 6. Bg5 e6 7. f4 b5 8. e5
dxe5 9. fxe5 Qc7 10. exf6 Qe5+ 11. Ne4 Qxe4+ 12. Be2 Nd7 13. Qd2 Bc5 14. Nb3
gxf6 15. O-O-O fxg5 16. Nxc5 Qf4 17. Bf3 Qxd2+ 18. Rxd2 Ra7 19. Nxd7 Bxd7 20.
h4 gxh4 21. Rxh4 Ke7 22. Rd1 Rc7 23. Rdh1 Bc6 24. Rxh7 Rxh7 25. Rxh7 Bxf3 26.
gxf3 Rd7 27. Rh2 Rd4 28. Rd2 Rh4 29. Rd3 e5 30. Rc3 Rh6 1/2-1/2

[Event "NAYCC U18"]
[Site "Kingston CAN"]
[Date "2019.08.17"]
[Round "3.188"]
[White "Eidelman, Gabriel"]
[Black "Gonzalez, Pedro"]
[Result "1-0"]
[WhiteElo "2133"]
[BlackElo "1632"]
[PlyCount "52"]
[EventDate "2019.08.16"]
[EventType "swiss"]
[EventRounds "9"]
[EventCountry "CAN"]

1. e4 c5 2. Nf3 g6 3. Nc3 Bg7 4. Bc4 Nc6 5. O-O Nf6 6. e5 Ng4 7. Bxf7+ Kxf7 8.
Ng5+ Ke8 9. Qxg4 Nxe5 10. Qa4 a6 11. Ne6 Qb6 12. Nd5 Qd6 13. Ndc7+ Kf7 14. Ng5+
Kg8 15. Nxa8 b5 16. Qa5 Bb7 17. f3 Qd4+ 18. Kh1 h6 19. Qd8+ Bf8 20. Ne4 Kh7 21.
d3 d5 22. Nf6+ exf6 23. Qc7+ Bg7 24. Qxb7 c4 25. Nc7 Rd8 26. Ne6 Rd7 1-0

[Event "NAYCC U18"]
[Site "Kingston CAN"]
[Date "2019.08.17"]
[Round "3.189"]
[White "Leong, Ryan"]
[Black "Wang, Jake"]
[Result "0-1"]
[WhiteElo "1926"]
[BlackElo "2116"]
[PlyCount "108"]
[EventDate "2019.08.16"]
[EventType "swiss"]
[EventRounds "9"]
[EventCountry "CAN"]

1. Nf3 d5 2. g3 Nf6 3. Bg2 c6 4. O-O Bf5 5. d4 h6 6. b3 e6 7. Nbd2 Bd6 8. Bb2
O-O 9. c4 a5 10. a3 Nbd7 11. Rc1 Qe7 12. c5 Bc7 13. Re1 Bh7 14. b4 axb4 15.
axb4 e5 16. dxe5 Nxe5 17. Ra1 Ne4 18. Nxe4 dxe4 19. Nxe5 Bxe5 20. Bxe5 Qxe5 21.
Rxa8 Rxa8 22. Qd7 Bf5 23. Qxb7 Ra1 24. Rf1 Rxf1+ 25. Bxf1 Qa1 26. g4 Bxg4 27.
Kg2 Bh3+ 28. Kxh3 Qxf1+ 29. Kg3 Qg1+ 30. Kf4 Qxf2+ 31. Kxe4 Qxe2+ 32. Kd4 Qd2+
33. Ke4 Qd5+ 34. Kf4 g5+ 35. Kg3 Qe5+ 36. Kg2 Qe4+ 37. Kg1 Qd4+ 38. Kg2 Qd5+
39. Kf2 Kf8 40. Qb8+ Ke7 41. Qb7+ Qd7 42. Qb8 Ke6 43. Ke3 Kd5 44. Kd3 Qf5+ 45.
Kc3 Qe5+ 46. Qxe5+ Kxe5 47. Kc4 Ke6 48. b5 cxb5+ 49. Kxb5 Kd7 50. Kb6 Kc8 51.
Kc6 f5 52. Kd5 f4 53. Ke4 Kc7 54. h4 Kc6 0-1

[Event "NAYCC U18"]
[Site "Kingston CAN"]
[Date "2019.08.17"]
[Round "3.191"]
[White "Samadashvili, Martha"]
[Black "Sands, Malik"]
[Result "1-0"]
[WhiteElo "2086"]
[BlackElo "1307"]
[PlyCount "51"]
[EventDate "2019.08.16"]
[EventType "swiss"]
[EventRounds "9"]
[EventCountry "CAN"]

1. e4 e5 2. Nf3 Nc6 3. Bc4 Nf6 4. d3 d6 5. Ng5 d5 6. exd5 Nxd5 7. Qf3 Be6 8.
Nxe6 fxe6 9. O-O Nd4 10. Qh5+ Kd7 11. Qd1 Bd6 12. c3 Nf5 13. Nd2 Qe7 14. Ne4 h6
15. Qb3 Nb6 16. a4 c6 17. a5 Na4 18. Rxa4 b5 19. axb6 axb6 20. Rxa8 Rxa8 21.
Qxb6 Rf8 22. b4 Qf7 23. Qb7+ Bc7 24. Nc5+ Ke8 25. Nxe6 e4 26. Nxc7+ 1-0

[Event "NAYCC U18"]
[Site "Kingston CAN"]
[Date "2019.08.17"]
[Round "3.192"]
[White "Zhang, Henry"]
[Black "Zhao, Harry"]
[Result "1-0"]
[WhiteElo "2151"]
[BlackElo "1950"]
[PlyCount "61"]
[EventDate "2019.08.16"]
[EventType "swiss"]
[EventRounds "9"]
[EventCountry "CAN"]

1. e4 e6 2. d4 d5 3. Nd2 c5 4. exd5 Qxd5 5. Ngf3 cxd4 6. Bc4 Qd6 7. O-O Nf6 8.
Nb3 Nc6 9. Nbxd4 Nxd4 10. Nxd4 a6 11. Re1 Qc7 12. Bf1 Bd6 13. Nf5 Bxh2+ 14. Kh1
Kf8 15. Qd4 exf5 16. Qxf6 h5 17. Qd4 Bd6 18. Bc4 Qc5 19. Qd3 h4 20. Be3 Qe5 21.
f4 Qf6 22. Bd4 Qg6 23. Bc5 Rh6 24. Rad1 h3 25. Qxd6+ Kg8 26. Re8+ Kh7 27. Qxg6+
Rxg6 28. Bxf7 hxg2+ 29. Kg1 Rf6 30. Bh5 g6 31. Bd4 1-0

[Event "NAYCC U18"]
[Site "Kingston CAN"]
[Date "2019.08.17"]
[Round "3.193"]
[White "Wu, Derek"]
[Black "Merrigan, Daley"]
[Result "1-0"]
[WhiteElo "2032"]
[BlackElo "1917"]
[PlyCount "105"]
[EventDate "2019.08.16"]
[EventType "swiss"]
[EventRounds "9"]
[EventCountry "CAN"]

1. d4 Nf6 2. c4 e6 3. Nc3 Bb4 4. Qc2 O-O 5. Nf3 d5 6. cxd5 exd5 7. Bf4 c6 8. e3
Nbd7 9. Be2 b6 10. O-O Bb7 11. Rfd1 Qe7 12. Nh4 Bxc3 13. Nf5 Qe4 14. Bd3 Qe6
15. bxc3 c5 16. h3 c4 17. Be2 Qe4 18. Qxe4 Nxe4 19. Rdc1 Rfd8 20. f3 Nef6 21.
g4 Nf8 22. Be5 Ne8 23. h4 f6 24. Bh2 g6 25. Nh6+ Kg7 26. g5 Ne6 27. Kf2 fxg5
28. hxg5 Nxg5 29. Be5+ Kf8 30. Rh1 Bc8 31. e4 Be6 32. Ke3 Rd7 33. a4 Nf7 34.
Nxf7 Rxf7 35. a5 Rc8 36. axb6 axb6 37. Rhb1 Rb7 38. Ra6 Rc6 39. Rb5 Nd6 40.
exd5 Nxb5 41. dxc6 Ra7 42. Rxb6 Nc7 43. Rb8+ Ke7 44. Rb7 Rxb7 45. cxb7 Na6 46.
f4 Bd5 47. Bf3 Ke6 48. Bxd5+ Kxd5 49. Kf3 h6 50. Kg4 Ke4 51. b8=Q Nxb8 52. Bxb8
h5+ 53. Kg5 1-0

[Event "NAYCC U18"]
[Site "Kingston CAN"]
[Date "2019.08.17"]
[Round "3.194"]
[White "Wang, George"]
[Black "Zhou, Joey"]
[Result "1-0"]
[WhiteElo "1887"]
[BlackElo "1586"]
[PlyCount "63"]
[EventDate "2019.08.16"]
[EventType "swiss"]
[EventRounds "9"]
[EventCountry "CAN"]

1. d4 d5 2. c4 e6 3. Nc3 Nf6 4. cxd5 exd5 5. Bg5 Be7 6. Qc2 Nbd7 7. e3 c6 8.
Bd3 Nf8 9. Nge2 Ne6 10. Bxf6 Bxf6 11. Bxh7 g6 12. Bxg6 fxg6 13. Qxg6+ Kf8 14.
Ng3 Rg8 15. Qd3 c5 16. O-O c4 17. Qc2 a6 18. a4 b6 19. b3 cxb3 20. Qxb3 Bb7 21.
Rab1 Rc8 22. Qxb6 Qxb6 23. Rxb6 Rxc3 24. Rxb7 Bxd4 25. exd4 Nxd4 26. h3 Rc4 27.
Rfb1 Rg7 28. Rb8+ Kf7 29. R1b7+ Kg6 30. Rb6+ Kg5 31. Rh8 Rd7 32. Rh5+ 1-0

[Event "NAYCC U18"]
[Site "Kingston CAN"]
[Date "2019.08.17"]
[Round "3.195"]
[White "Ju, Terrence"]
[Black "De Costa, Alex"]
[Result "0-1"]
[WhiteElo "1719"]
[BlackElo "1797"]
[PlyCount "70"]
[EventDate "2019.08.16"]
[EventType "swiss"]
[EventRounds "9"]
[EventCountry "CAN"]

1. d4 Nf6 2. Nf3 g6 3. c4 Bg7 4. Nc3 O-O 5. e4 d6 6. Be2 e5 7. d5 a5 8. Bg5 Qe8
9. Rb1 Bd7 10. b4 axb4 11. Rxb4 b6 12. Bxf6 Bxf6 13. Nb5 Na6 14. Ra4 Bxb5 15.
cxb5 Nc5 16. Rxa8 Qxa8 17. Qc2 Qa5+ 18. Nd2 Bg5 19. f3 Ra8 20. Bc4 Qb4 21. Be2
Bxd2+ 22. Qxd2 Qxd2+ 23. Kxd2 Rxa2+ 24. Ke3 Nb3 25. Bc4 Rb2 26. Bxb3 Rxb3+ 27.
Kd2 Rxb5 28. Rc1 Rc5 29. Rxc5 dxc5 30. Kc3 b5 31. f4 f6 32. fxe5 fxe5 33. g4
Kf7 34. g5 Ke7 35. h4 Kd6 0-1

[Event "NAYCC U18"]
[Site "Kingston CAN"]
[Date "2019.08.17"]
[Round "4.179"]
[White "Yip, Carissa"]
[Black "Ouellet, Maili-Jade"]
[Result "0-1"]
[WhiteElo "2300"]
[BlackElo "2211"]
[PlyCount "82"]
[EventDate "2019.08.16"]
[EventType "swiss"]
[EventRounds "9"]
[EventCountry "CAN"]

1. e4 c5 2. Nf3 d6 3. d4 cxd4 4. Nxd4 Nf6 5. Nc3 a6 6. Be3 e5 7. Nf3 Be7 8. Bc4
O-O 9. O-O Be6 10. Bxe6 fxe6 11. Na4 Ng4 12. Bb6 Qc8 13. c4 Qc6 14. h3 Nd7 15.
Ba5 Ngf6 16. Ng5 Nxe4 17. Nxe6 Rf7 18. Rc1 Bh4 19. f3 Ng3 20. Re1 Nf8 21. Nxf8
Raxf8 22. c5 Qb5 23. b4 Nf5 24. Re4 Bg5 25. Rc3 d5 26. Rxe5 d4 27. Rd3 Be3+ 28.
Kh1 Ng3+ 29. Kh2 Nf1+ 30. Kh1 Ng3+ 31. Kh2 Bf4 32. Re1 Ne4+ 33. Kg1 Be3+ 34.
Rdxe3 dxe3 35. Rxe3 Ng3 36. Nc3 Qc4 37. Qd5 Qf1+ 38. Kh2 Qf2 39. Nd1 Nf1+ 40.
Kh1 Qg3 41. Qe5 Rf4 0-1